000 00593cam a22002291 4500
001 sa 65010451
003 DLC
005 20260227112208.0
008 890802s1964 ii ch b 000 0 hino
010 _asa 65010451
035 _a(OCoLC)20116588
040 _aDLC
_cWaU
_dDLC
042 _apremarc
050 0 0 _aDS481.N35
_bS455
100 1 _aSharma, A. S.
245 1 0 _aDivya purusha Neharū.
260 _c[1964]
300 _a138, [2] p.
_bfacsim., ports.
_c22 cm.
500 _aIn Hindi.
504 _aBibliography: p. [2] (last group)
600 1 0 _aNehru, Jawaharlal,
_d1889-1964.
999 _c66757
_d66757